Sports Quiz

Random Sports or Clickable Quiz

32 in 60: NHL Teams Quiz Stats

 Plays Quiz Updated Jul 8, 2021

Support Sporcle.
Go Orange.
Score 0/32 Timer 01:00
1 Play Today
% Correct
Boston
78.1%
New York
78%
Pittsburgh
77.6%
Toronto
77.3%
Chicago
77.3%
Washington
77.3%
Detroit
77.2%
Anaheim
76.3%
Philadelphia
76.2%
New York
75.7%
Los Angeles
75.3%
Montreal
75.2%
Calgary
75%
San Jose
74.8%
New Jersey
74.7%
Colorado
74.7%
% Correct
Edmonton
74.7%
Dallas
74.2%
Minnesota
74.1%
Tampa Bay
73.5%
St. Louis
73.3%
Buffalo
72.9%
Vancouver
72.4%
Vegas
71.4%
Ottawa
71.1%
Nashville
71%
Columbus
69.5%
Winnipeg
68.8%
Carolina
68.7%
Arizona
68.3%
Seattle
67.8%
Florida
64.5%

You're not logged in!

Compare scores with friends on all Sporcle quizzes.
OR
Log In
Forgot?

From the Vault

Color Memory Match

by yakubu82

Does your memory operate well at high speeds? Here's your chance to find out.
Remove Ads.
Support Sporcle.
Get the best of Sporcle when you Go Orange. This ad-free experience offers more features, more stats, and more fun while also helping to support Sporcle. Thank you for becoming a member.

Show Comments

Extras

Top Quizzes Today


Score Distribution

Your Account Isn't Verified!

In order to create a playlist on Sporcle, you need to verify the email address you used during registration. Go to your Sporcle Settings to finish the process.

Report this User

Report this user for behavior that violates our Community Guidelines.

Details: